[Event "San Francisco TNM Marathon op"]
[Site "San Francisco"]
[Date "2012.09.04"]
[Round "6"]
[White "Bowles, Sam"]
[Black "Lassiter, Willie"]
[Result "1-0"]
[WhiteElo "1285"]
[BlackElo "1387"]
[PlyCount "59"]
[EventDate "2012.07.31"]
[EventType "swiss"]
[EventRounds "9"]
[EventCountry "USA"]
[SourceTitle "EXT 2014"]
[Source "ChessBase"]
[SourceDate "2013.11.20"]
[SourceVersion "1"]
[SourceVersionDate "2013.11.20"]
[SourceQuality "1"]

1. e4 c5 2. Nf3 g6 3. d4 cxd4 4. Qxd4 Nf6 5. e5 Nh5 6. e6 f6 7. Bb5 Nc6 8. exd7+ Bxd7 9. Qc4 Ng7 10. Bh6 a6 11. Ba4 b5 12. Bxb5 axb5 13. Qb3 Nf5 14. Bxf8 Rxf8 15. 0-0 Qc8 16. Nc3 Be6 17. Qxb5 Rb8 18. Qc5 Rxb2 19. a4 Rxc2 20. Rfc1 Rxc1+ 21. Rxc1 Kf7 22. Nd5 Bd7 23. Nb6 Qd8 24. Nxd7 Qxd7 25. Qxc6 Qxc6 26. Rxc6 Ra8 27. Rc4 Nd6 28. Rb4 Ra7 29. Nd4 Nb7 30. Nc6 1-0